| 000 | 01462nam a22004097a 4500 | ||
|---|---|---|---|
| 001 | 2144958 | ||
| 003 | OSt | ||
| 005 | 20210422053126.0 | ||
| 008 | 981103s1999 nyua b 001 0 eng c | ||
| 010 | _a 98050679 | ||
| 020 | _a0826179711 | ||
| 040 |
_aDNLM/DLC _cDLC _dDLC |
||
| 050 | 0 | 0 |
_aRM930 _b.M42 1999 |
| 060 | 1 | 0 |
_aWB 320 _bM48872 1999 |
| 080 |
_a61 _bE-41 |
||
| 082 | 0 | 0 |
_a617/.03 _221 |
| 245 | 0 | 0 |
_aMedical aspects of disability : _ba handbook for the rehabilitation professional / _cMyron G. Eisenberg, Robert L. Glueckauf, Herbert H. Zaretsky, editors. |
| 250 | _a2nd ed. | ||
| 260 |
_aNew York, NY : _bSpringer Pub. Co., _cc1999. |
||
| 300 |
_axxiii, 718 p. : _bill. ; _c24 cm. |
||
| 490 | 1 | _aSpringer series on rehabilitation | |
| 504 | _aIncludes bibliographical references and index. | ||
| 650 | 0 | _aMedical rehabilitation. | |
| 650 | 0 | _aChronic diseases. | |
| 650 | 0 | _aDisability evaluation. | |
| 650 | 1 | 2 |
_aDisabled Persons _xrehabilitation. |
| 650 | 2 | 2 | _aDisability Evaluation. |
| 650 | 2 | 2 |
_aRehabilitation _xmethods. |
| 653 | _aმედიცინა | ||
| 700 | 1 | _aEisenberg, Myron G. | |
| 700 | 1 | _aGlueckauf, Robert L. | |
| 700 | 1 | _aZaretsky, Herbert H. | |
| 830 | 0 | _aSpringer series on rehabilitation (Unnumbered) | |
| 906 |
_a7 _bcbc _corignew _d1 _eocip _f19 _gy-gencatlg |
||
| 942 |
_2udc _cBK |
||
| 999 |
_c774 _d774 |
||